000 00524nam a22001937a 4500
003 CEME
005 20210628202930.0
008 210104b xxu||||| |||| 00| 0 eng d
020 _a9780070151437
040 _c.
082 _a621.3192 NAH
100 _aNahvi, Mahmood ,Edminister, Joseph A
_962387
245 _aSchaum's outlines electric circuits
250 _a5TH
260 _aINDIA
_bMCGRAW HILL
_c2015
300 _aXI, P
650 _aTEXTBOOK-DME.SCHAUM'S OUTLINES ELECTRIC CIRCUITS
_962388
942 _cBK
_2ddc
999 _c571507
_d571507